| 000 | 00603nam a2200229Ia 4500 | ||
|---|---|---|---|
| 003 | OSt | ||
| 005 | 20220918174424.0 | ||
| 006 | a|||||r|||| 00| 0 | ||
| 007 | ta | ||
| 008 | 220917b |||||||| |||| 00| 0 eng d | ||
| 024 | _a12,062 | ||
| 037 | _cTextual | ||
| 040 |
_aARTS _cARTS _beng |
||
| 041 |
_2eng _aeng |
||
| 082 | _a/\2y7M34, H8 (O44) | ||
| 100 |
_aNikhilananda Swami tr _950436 |
||
| 245 | 0 |
_aRamkrishna _b prophet of new India |
|
| 260 | _c1948 | ||
| 650 | _aSPIRITUALISM | ||
| 942 |
_h/\2y7M34, H8 (O44) _cTEXL _2CC |
||
| 999 |
_c153114 _d153114 |
||